000 00449cam a22001934a 4500
005 20250605164318.0
008 250528s ||||||||||||||||||||||||d
035 _a22800
020 _a9780415229142
040 _aGR-AtMCL
_bgre
_dGR-AtMCL
_eAACR2
245 1 _aINTERVIEWING FOR JOURNALISTS
250 _a1
260 _bRouledge,
_c2001
300 _a185
700 1 _aAdams Sally
_97171
942 _cBK
999 _c7845
_d7845